| 000 | 00430nam a2200169Ia 4500 | ||
|---|---|---|---|
| 008 | 221030s9999 xx 000 0 und d | ||
| 020 | _a0070616345 | ||
| 041 | _aEnglish | ||
| 082 |
_a105.23 _bJaw |
||
| 100 | _aV. S. Janikaramam | ||
| 245 | 0 |
_aFoundations of Intelligence & Expert Systems _cby V. S. Janikaramam |
|
| 250 | _a1st | ||
| 260 |
_bMacmillan _aNew Delhi _c2006 |
||
| 300 | _a231 | ||
| 650 | _aComputers | ||
| 942 | _cBK | ||
| 999 |
_c3117 _d3117 |
||